000
00257nam a2200121Ia 4500
100
_a
Mukhi/ Vijay
942
_c
BK
654
_a
Oracle 6.0.
245
_a
Oracle 6.0. The bascis
260
_b
B.P.B. Pub
_a
New Delhi
_c
1993
546
_a
ENGLISH
999
_c
32324
_d
32324